| 000 | 00684cam a22002171 4500 | ||
|---|---|---|---|
| 001 | sa 64003264 | ||
| 003 | DLC | ||
| 005 | 20260227112016.0 | ||
| 008 | 890403q io 000 0 ind | ||
| 010 | _asa 64003264 | ||
| 035 | _a(OCoLC)23568418 | ||
| 040 |
_aDLC _cMiU _dDLC |
||
| 042 | _apremarc | ||
| 043 | _aa-io--- | ||
| 050 | 0 | 0 |
_aHC447 _b.A538 1962 |
| 110 | 1 |
_aIndonesia. _bDepartemen Penerangan |
|
| 245 | 1 | 0 | _aKonsepsi Presiden dalam pertumbuhan dari detik ke detik, 27 Pebruari 1957-1 Djanuari 1961. |
| 260 |
_aDjakarta, _bDirektorat Publisitet-Penerangan Daerah, Bagian Dokumentasi _c[cover 1962] |
||
| 300 |
_a133 p. _c33 cm. |
||
| 651 | 0 |
_aIndonesia _xEconomic policy. |
|
| 999 |
_c57807 _d57807 |
||